00881 2200181 4500245004100000020002200041250001100063100001900074700001800093650001700111005001900128260003100147041001400178084001100192300002300203500046400226336000900690 aPlaying VictimcEva Sri RahayuhText a978-602-385-887-3 aCet. 1 aEva Sri Rahayu aYuli Pritania aNovel Remaja a20250106130909 aJakartabNoura Booksc2019 aIndonesia a808.83 a397 hlm. :c20 cm. aBerpura-pura menjadi korban, itulah yang dilakukan tiga sahabat demi menyingkirkan musuh mereka. Video tindak kekerasan yang mereka alami menjadi viral. Mereka mencecap ketenaran, kemudian terhanyut di dalamnya. Media sosial dan simpati netixen menjadi candu. Intensitas permainan semakin brutal, nyawa mereka menjadi taruhan. Netizen menginginkan sesuatu yang dramatis. Akhir yang tragis. Saat itulah mereka menyadari satu hal : benarkah mereka bukan korban? atext